Devinez la Capitale Mystère #38 - Statistiques

Statistiques générales
  • Ce quiz a été pris 171 fois
  • Le résultat moyen est 31 sur 33
Statistiques - réponses
Type de Réponse Réponse % Correct
Lettre Trouvée A
100%
Lettre de l'Alphabet E
100%
Lettre de l'Alphabet L
100%
Lettre de l'Alphabet R
100%
Lettre de l'Alphabet B
99%
Lettre de l'Alphabet I
99%
Lettre Trouvée N
98%
Lettre Trouvée O
98%
Lettre de l'Alphabet P
98%
Lettre de l'Alphabet S
98%
Lettre Bien Placée A
95%
Lettre Trouvée M
95%
Lettre de l'Alphabet T
95%
Lettre de l'Alphabet U
95%
Lettre de l'Alphabet D
94%
Lettre Bien Placée O
94%
Lettre Bien Placée N
93%
Lettre de l'Alphabet V
93%
Lettre de l'Alphabet G
92%
Lettre de l'Alphabet K
92%
Lettre Trouvée C
90%
Lettre de l'Alphabet X
90%
Lettre de l'Alphabet H
89%
Lettre Bien Placée M
89%
Lettre de l'Alphabet W
89%
Lettre de l'Alphabet Y
88%
Lettre de l'Alphabet Z
86%
Lettre de l'Alphabet F
85%
Lettre de l'Alphabet J
85%
Lettre Bien Placée C
84%
Capitale Mystère Monaco
83%
Lettre Bien Placée O
83%
Lettre de l'Alphabet Q
83%
Aucun quiz correspondant
Distribution des résultats
% des personnes avec chaque résultat
Percentile par nombre de réponses
Votre historique - résultats
Vous n’avez pas pris ce quiz